|
|
|
|
| LEADER |
01065cas a2200265 4500 |
| 001 |
00021003 |
| 008 |
101031s1993 bg w 000 0 eng d |
| 040 |
|
|
|a DLC
|c DLC
|d DLC
|d BD-DhAAL
|
| 082 |
0 |
0 |
|a 348.5492/046
|2 21
|
| 130 |
0 |
|
|a BLT
|
| 222 |
|
0 |
|a Bangladesh Law Times
|
| 245 |
0 |
4 |
|a The Bangladesh Law Times :
|b a monthly law journal /
|c chief editor,M.L.Bhowmic,editor,Samarendra Nath Goswami.
|
| 246 |
1 |
7 |
|a The Bangladesh Law Times.
|
| 260 |
|
|
|a Dhaka :
|b Bangladesh Law Times,
|c 1993
|
| 362 |
0 |
|
|a Vol.I,1993
|
| 500 |
|
|
|a "A journal of law reports."
|
| 500 |
|
|
|a Latest issue consulted: Vol.I,1993
|
| 541 |
|
|
|e 00021003
|
| 650 |
|
0 |
|a Law reports, digests, etc.
|z Bangladesh.
|
| 650 |
|
0 |
|a Law reports, digests, etc.
|z India
|z Bengal.
|
| 700 |
1 |
|
|a Bhowmic,M.L.
|
| 700 |
1 |
|
|a Goswami,Samarendra Nath
|
| 852 |
4 |
|
|a Ayesha Abed Library
|j General shelf
|
| 999 |
|
|
|c 9951
|d 9951
|
| 952 |
|
|
|0 0
|1 0
|2 ddc
|4 0
|6 348_549204600000000_BAN_1993
|7 0
|9 12926
|a BRACUL
|b SoL
|c REF
|d 2010-10-31
|l 0
|o 348.5492046 BAN
|p 3010021003
|r 2010-10-31
|t 1
|w 2010-10-31
|y 1HOUR
|